000 00631nam a22001817a 4500
999 _c191427
_d191427
005 20220825170719.0
010 _aENG-134698
020 _c165.00
_a9789390082711
035 _aEN-118230
037 _bDBAD/PUB
082 _a881.08
100 _aUnni, P. gopika
245 _aArticulation resistance:
_ba study of selected dalit poetry in english/
_cP. gopika unni
260 _aMadurai
_bShanlax publication
_c2020
270 _a61,66 T.P.K. main road vasantha nagar, tamilnadu
_bmadurai
_e625003
_k7639303383
_mpublisher@shanlaxpublications.com
300 _a63p.
_c22cm (pbk)
942 _2ddc
_cEN
_h881.08
_mUNN